000 00336nam a2200157Ia 4500
008 230605s1965 xx 000 0 und d
041 _aeng
100 _aFuller
245 _aWaiter
250 _a3rd
260 _bHutchinsons
_c1965
300 _a207p
520 _aHard Board
520 _aReference Copy
650 _aF & B Ser.
999 _c420260
_d420260